000 00873nam a2200301 4500
003 OSt
005 20260530113849.0
008 260506b1964 enga|||| |||| 00| 0 eng d
040 _aICI
_bspa
_cICI
041 _aeng
050 0 0 _aBF458
_bJ85 1964
100 1 _aCarl C. Jung ;
_931045
245 1 0 _aMan and his Symbols
_cCarl G. Jun
264 1 _bDELL Publishing
_c1964
300 _a416 páginas
336 _atexto
_2rdacontent
337 _asin medio
_2rdamedia
338 _avolumen
_2rdacarrier
650 _aPsicoanálisis
_917119
650 _aSimbolismo (Psicología).
_931046
650 _aSueños
_xInterpretación
_931047
650 _aPsicología analítica
_931048
700 _aFranz, Marie-Louise von
_931049
700 _aHenderson, Joseph L.
_931050
700 _aJacobi, Jolande.
_931051
700 _aJaffé, Aniela
_931052
942 _2ddc
_cBK
_n1
999 _c11385
_d11385